000 00527nam a2200181Ia 4500
003 OSt
005 20200803125208.0
008 190216s9999||||xx |||||||||||||| ||und||
020 _a9788173195464
040 _coclc
082 _a516.36
_bSOM/D
100 _aSomasundaram, D
_93740
245 0 _aDifferential Geometry A First Course /
_cD Somasundaram
260 _bNarosa Pubs House,
_aNew Delhi:
_c2006.
300 _a458p
650 _aMathematics
942 _cBK
_2ddc
_h516.36
_iSOM/D
_k516.36
_mSOM/D
999 _c32006
_d32006